[Event "Interzonal-16"]
[Site "Biel"]
[Date "1993.??.??"]
[Round "9"]
[White "Shirov, Alexei"]
[Black "Epishin, Vladimir"]
[Result "1/2-1/2"]
[WhiteElo "2685"]
[BlackElo "2655"]
[Annotator "Epishin,V"]
[PlyCount "139"]
[EventDate "1993.07.16"]
[EventType "swiss"]
[EventRounds "13"]
[EventCountry "SUI"]
[SourceTitle "CBM 037"]
[Source "ChessBase"]
[SourceDate "1993.12.01"]
[SourceVersion "1"]
[SourceVersionDate "1993.12.01"]
[SourceQuality "1"]

1. d4 {Dautov} Nf6 2. c4 e6 3. Nf3 b6 4. a3 Bb7 5. Nc3 d5 6. cxd5 exd5 7. g3
Be7 8. Bg2 O-O 9. O-O Nbd7 10. Bf4 (10. Ne5 c5 11. Be3 Nxe5 12. dxe5 Ne4 13.
Nxe4 dxe4 14. Qc2 Qd5 $10) 10... c5 11. Qc2 Rc8 12. Rad1 $6 (12. Bh3 $5 Ne4 13.
Rfd1 cxd4 14. Nxd4 Bf6 $10) (12. Qf5 g6 13. Qh3 Ne4 $10) 12... Ne4 (12... a6 {
Dautov} 13. Bh3 b5 14. dxc5 Rxc5 15. Qb1 Rc4 16. Be3 Qc7 17. Bd4 Rd8 18. e3 b4
19. axb4 Rxb4 20. Rc1 Qb8 21. Rfd1 h6 22. Bf1 Ne4 23. Na2 Rb3 24. Qc2 Bc8 25.
Ne5 $14 {Naumkin-Rozentalis/Vilnius/1988}) 13. dxc5 (13. Qa4 {Dautov} Nxc3 14.
bxc3 a6 $132) (13. Qb3 {Dautov} c4 14. Qc2 Nxc3 15. Qxc3 b5 $10) (13. Qb1 $5 {
Dautov} Nxc3 (13... cxd4 $6 14. Nxe4 dxe4 15. Nxd4 $16) 14. bxc3 cxd4 (14... c4
15. Ne5 $14) (14... Nf6 $142) 15. cxd4 (15. Nxd4 Nf6 $10) 15... Bxa3 $5 16. Qa2
Qe7 17. Rd3 $1 Bd6 18. Re3 Qf6 19. Qxa7 Bxf4 20. gxf4 Rc7 21. Ne5 $14 Ra8 $2
22. Nxd7 Rxd7 23. Qxa8+ $18) 13... Rxc5 14. Be3 Rc7 15. Bd4 Bf6 $1 $15 16. Qc1
(16. Rd3 {Dautov} Bxd4 17. Nxd4 Ne5 18. Re3 Nc4 19. Rd3 Ne5 $10) 16... Nxc3 (
16... Bxd4 {Dautov} 17. Nxd4 Nxc3 18. bxc3 Nf6 $15 {><c3}) 17. bxc3 Nc5 (17...
Re8 {/\ 18...Nc5=/+}) 18. Ne5 $1 Qe7 19. Ng4 $1 (19. f4 Ne4 $15) 19... Bxd4 20.
cxd4 Ne4 (20... Qxe2 $6 21. Nh6+ gxh6 22. dxc5 Rxc5 23. Qxh6 $44) (20... Na4 $5
21. Qf4 Nc3 22. Rd2 Ba6 23. Bf3 Rfc8 24. Ne3 $13) 21. Qb2 (21. Qf4 Rc3 22. Ne3
(22. a4 Ra3 $17) 22... Rxa3 23. Nf5 (23. Bxe4 Qxe4 $17) 23... Qf6 24. Bxe4 dxe4
25. d5 Ra5 26. Qxe4 g6 27. Ne3 h5 $15 (27... Rd8 $2 28. Ng4 $40)) 21... Nd6 $1
22. Ne3 Nc4 23. Nxc4 Rxc4 24. Rc1 Rfc8 25. Rfd1 $2 (25. Bh3 $1 R8c7 26. Bf5 {
/\ Bd3=}) 25... Qc7 26. Rxc4 Qxc4 27. Bf3 $6 Qc2 $17 28. Rb1 (28. Qa1 {Dautov}
Rc4 $17 {/\Bc6,b5,a5}) 28... Qxb2 29. Rxb2 Kf8 30. e3 (30. a4 {Dautov} Rc1+ 31.
Kg2 Bc6 $17) 30... Rc1+ 31. Kg2 Ke7 32. Be2 (32. a4 $2 Bc6 33. a5 b5 $19) 32...
Bc6 33. Kf3 Rc3 34. Ra2 Ba4 $1 35. Bf1 Kd6 36. Ra1 (36. Ke2 {Dautov} Rc1 $1 37.
Bg2 Rb1 $17) 36... a5 37. Ke2 Bb3 (37... b5 {/\ Kc6, Bb3, a4, Kb6-a5-+}) (37...
Kc6 $5 {Dautov} 38. Ke1 b5 $17) 38. Ke1 a4 39. Bb5 Rc2 40. Bd3 Rb2 41. Rc1 $8 (
41. Bb5 {Dautov} Bc4 42. Bxa4 Re2+ 43. Kd1 Rxf2 $19) 41... Ra2 42. Bb5 Rxa3 (
42... Bc4 $6 43. Bxa4 Rxa3 44. Bc2 b5 45. Rb1 Ra2 46. Kd2 $15) 43. Rc6+ Ke7 44.
Rxb6 (44. Rc7+ {Dautov} Kd8 45. Rxf7 Ra1+ 46. Kd2 a3 47. Kc3 Rb1 48. Ra7 a2 $19
) 44... Ra1+ (44... Ra2 $5 45. Bd3 $3 (45. Rb7+ Kd6 46. Rxf7 Bc4 $1 47. Bxa4 (
47. Bxc4 dxc4 48. Ra7 a3 49. Kd1 Kd5 $19) 47... Rxa4 48. Rxg7 Bd3 $1 49. Kd2
Be4 50. g4 Ra2+ 51. Ke1 Kc6 {/\ Kb5-c4-d3 -+}) 45... Kd7 46. e4 Kc7 47. Rb5 $1
$10 (47. Ra6 $2 dxe4 (47... Bc4 48. Bxc4 dxc4 49. Kd1 $15) 48. Bxe4 a3 49. d5
Ra1+ 50. Kd2 Rd1+ 51. Kc3 a2 52. Kb2 g6 $19)) 45. Kd2 Ra2+ (45... a3 {Dautov}
46. Bd3 Rd1+ 47. Kc3 a2 48. Rb7+ (48. Ra6 Rxd3+ $19) 48... Kd6 49. Ra7 a1=Q+
50. Rxa1 Rxa1 51. Kxb3 Rg1 52. Bxh7 g6 $19) 46. Kc3 Rxf2 47. Rb7+ Kd6 (47...
Kf6 {Dautov} 48. Be8 Kg6 $17) 48. Be8 Re2 49. Rd7+ Ke6 50. Rxf7 Rxe3+ 51. Kd2
Re4 52. Kc3 Re2 (52... Kd6 53. Bb5 (53. Rd7+ Kc6 $17) 53... Re7 54. Rxe7 Kxe7
55. Kb4 Kd6 56. Be2 {/\ Bf3, Ka3=}) (52... Bc4 {Dautov} 53. Ra7 $1 (53. Rxg7 $2
a3 54. Ra7 a2 $19 {/\Re1})) 53. Rxg7 $10 Rxh2 54. Kb4 (54. Ra7 $6 {Dautov} Rc2+
55. Kd3 Rg2 56. g4 $17) 54... Kf5 55. Bxa4 Bxa4 56. Kxa4 Ke4 57. Rg4+ Kd3 58.
Kb5 Rc2 59. Rh4 Rc7 60. Kb6 Rc4 61. g4 Kxd4 (61... Rxd4 {Dautov} 62. Kc5 $10)
62. Rxh7 Rc8 63. g5 Rg8 64. Rh4+ Ke5 65. Kc5 Rc8+ 66. Kb4 d4 67. g6 d3 68. g7
d2 69. Rh1 Rg8 70. Kc3 1/2-1/2

[Event "Stepanakert-A"]
[Site "Stepanakert"]
[Date "2005.10.09"]
[Round "7"]
[White "Sokolov, Ivan"]
[Black "Macieja, Bartlomiej"]
[Result "1-0"]
[WhiteElo "2696"]
[BlackElo "2592"]
[Annotator "Ftacnik,L"]
[PlyCount "80"]
[EventDate "2005.10.02"]
[EventType "tourn"]
[EventRounds "9"]
[EventCountry "ARM"]
[EventCategory "17"]
[SourceTitle "CBM 110"]
[Source "ChessBase"]
[SourceDate "2006.01.31"]
[SourceVersion "1"]
[SourceVersionDate "2006.01.31"]
[SourceQuality "1"]

1. d4 Nf6 2. c4 e6 3. Nf3 b6 4. Nc3 Bb4 5. Qb3 c5 6. a3 Ba5 7. Bg5 Bb7 8. dxc5
Na6 9. c6 Bxc6 10. Qc2 Bxc3+ 11. Qxc3 Nc5 (11... Rc8 12. b4 d5 13. e4 dxc4 14.
Rd1 Qe7 15. Qxc4 b5 16. Qd4 h6 17. Ne5 hxg5 18. Nxc6 Rxc6 19. Bxb5 Nb8 20. Rc1
Qb7 21. Qc5 Kd7 22. e5 Ne8 23. O-O a6 24. Rfd1+ Kc7 25. Bxc6 Nxc6 26. a4 {
1-0 Sokolov,I-Spoelman,W/Amsterdam 2004/}) 12. Nd2 (12. Bxf6 Qxf6 13. Qxf6 gxf6
14. b4 Ne4 15. Nd2 Nd6 16. f3 f5 17. e3 a5 18. b5 Bb7 19. a4 Rc8 20. Be2 Ke7 {
0-1 Okhotnik,V-Cao Sang/Hungary 2004/ (75)}) 12... O-O 13. f3 h6 {White has
lost so much time in preparation to control the center that black seems to be
getting enough counterplay with the help of most sensible moves.} (13... Rc8
14. e3 Re8 15. b4 Na4 16. Qb3 d5 17. Rd1 d4 18. Ne4 e5 19. Be2 b5 20. c5 Bxe4
21. Bxb5 Nc3 22. Bxe8 Bd5 23. Qc2 Nxd1 24. Qxd1 Qxe8 {1/2-1/2 Stern,
R-Schlemermeyer,W /Germany 2005/ (58)}) (13... e5 14. e4 (14. b4 Ne6 15. Bh4
Ne4 16. Bxd8 Nxc3 17. Bh4 Nd4 18. Kf2 Nf5 19. Bg3 Nxg3 20. hxg3 a5 21. b5 Bb7
22. a4 d5 {1/2-1/2 Gustafsson,J-Zeller,F/Deizisau 2003/ (49)}) 14... Re8 15.
Be3 d6 16. Be2 Nh5 17. g3 Qd7 18. Nb3 Qh3 19. Bf1 Qe6 20. Nxc5 dxc5 21. O-O-O
a5 {0-1 Macieja,B-Efimenko,Z/Khanty Mansiysk 2005/ (46)}) (13... d5 14. e3 Rc8
15. b4 Na4 16. Qe5 Nd7 17. Qg3 f6 18. cxd5 Bxd5 19. Bh6 Qe7 20. e4 Bb7 21. Bb5
Bc6 22. Ba6 Rcd8 {1/2-1/2 Sokolov,I-Mchedlishvili,M/Bled 2002/ (46)}) (13...
Nfe4 $2 14. Bxd8 Nxc3 15. Be7 $18) 14. Bh4 d6 15. b4 (15. e3 Na4 16. Qc2 Qc7
17. Be2 Nd7 18. O-O $14) 15... Ncd7 16. e3 a5 (16... Qe7 17. Be2 Rfd8 18. O-O
$14) 17. Bd3 axb4 18. axb4 Rxa1+ 19. Qxa1 Qc7 {Macieja has chosen rather
modest approach, he can claim only partial compensation for the white bishops
pair.} (19... Ne5 20. Be2 Ng6 21. Bf2 $14) 20. O-O Ra8 21. Qc3 Bb7 (21... Ra2
22. Ra1 $14) 22. Ra1 Rxa1+ 23. Qxa1 d5 (23... b5 24. Bxf6 (24. cxb5 Nd5 25. Bf2
Nxb4 26. Bf1 $14) 24... Nxf6 25. cxb5 Nd5 26. Qa5 Qb8 27. Nc4 $16) 24. Bg3 Qc8
(24... e5 25. Qb2 Nh5 26. Bf2 $14) 25. Qb2 Qa8 (25... Ba6 26. b5 Bb7 27. cxd5
Qc5 28. Nc4 Qxd5 29. Bf1 Qc5 30. Bf2 $16) 26. cxd5 Nxd5 (26... exd5 27. Nb1 $16
) 27. e4 {[%mdl 2048] Opening of the play helps Sokolov, his bishops are
controling lots of squares on the board.} Ne7 (27... N5f6 28. Nc4 Nh5 29. Bf2
Qa4 30. b5 Nf4 31. Bf1 $16) 28. Nc4 Nc8 (28... b5 29. Nd6 $16) 29. b5 Qa4 30.
Be2 f6 (30... Nc5 31. Bf2 $16) 31. Bc7 Kf8 32. h3 Ke7 33. Kh2 $1 {The
situation is already critical for passive black pieces, white masterfully
removes the king from potential checks.} Ba8 34. Qd2 Qa7 (34... Qxb5 35. Nxb6
$18) 35. Qb4+ Kf7 (35... Ke8 36. Nd6+ Nxd6 37. Qxd6 Nf8 38. e5 $18) 36. Bg3 Qa2
37. Bf1 Qa1 38. Qd2 $1 {Sokolov is playing very well and the defense becomes
more difficult with each move.} Nc5 (38... Qxf1 39. Qxd7+ Ne7 40. Nd6+ $18) (
38... Qa7 39. Nd6+ Nxd6 40. Qxd6 Nc5 41. Qd8 $18) 39. Be2 Qa7 (39... Ke8 40.
Bf2 Nd7 41. Be3 $18) 40. Qd8 Qd7 (40... Bb7 41. Bf2 Qb8+ 42. e5 $18) (40... Qd7
41. Qxc8 $1 Qxc8 42. Nd6+ $18) 1-0

[Event "EU-chT (Men) 15th"]
[Site "Gothenburg"]
[Date "2005.08.06"]
[Round "8.2"]
[White "Wojtaszek, Radoslaw"]
[Black "Lautier, Joel"]
[Result "1/2-1/2"]
[WhiteElo "2591"]
[BlackElo "2672"]
[Annotator "Ftacnik,L"]
[PlyCount "95"]
[EventDate "2005.07.30"]
[EventType "team-swiss"]
[EventRounds "9"]
[EventCountry "SWE"]
[SourceTitle "CBM 109"]
[Source "ChessBase"]
[SourceDate "2005.11.14"]
[SourceVersion "1"]
[SourceVersionDate "2005.11.14"]
[SourceQuality "1"]
[WhiteTeam "Poland"]
[BlackTeam "France"]
[WhiteTeamCountry "POL"]
[BlackTeamCountry "FRA"]

1. d4 Nf6 2. c4 e6 3. Nf3 b6 4. Nc3 Bb7 5. a3 d5 6. cxd5 Nxd5 7. Qc2 Nxc3 8.
bxc3 c5 9. e4 Nc6 10. Bb2 Rc8 11. Rd1 cxd4 12. cxd4 Bd6 13. d5 exd5 14. exd5
Qe7+ 15. Qe2 (15. Be2 Na5 16. Qa4+ Kd8 17. Bxg7 (17. Nd4 Rc4 18. Qb5 Re8 19.
Kf1 Rc5 20. Qd3 Rxd5 21. Bf3 Rc5 22. Bxb7 Nxb7 23. Bc3 Qc7 24. Bd2 Rd5 {
0-1 Petursson,M (2530)-Lautier,J (2365)/Marseille 1988/ (54)}) 17... Rg8 18.
Qd4 Rc2 19. Bf6 Rxe2+ 20. Kf1 Ba6 21. Kg1 Bc5 22. Bxe7+ Kxe7 23. d6+ Ke6 24.
Qd5+ Kf6 25. Nd4 Rb2 26. Qf5+ Kg7 27. Qg5+ {1-0 Naumkin,I (2455)-Adorjan,A 
(2520)/Kusadasi 1990/}) 15... Na5 16. Qxe7+ {[%mdl 4] Wojtaszek is obviously
not afraid to try the interesting lines, that were not exploited to the full
extent.} (16. Nd4 O-O 17. Nf5 Qxe2+ 18. Bxe2 Rc2 19. Rd2 Rxd2 20. Kxd2 Rd8 21.
Rd1 Bc5 22. Ke1 Rxd5 23. Rxd5 Bxd5 24. Nxg7 Bxa3 25. Bxa3 Kxg7 {0-1 Sarno,S 
(2270)-Lautier,J (2450)/Lugano 1989/ (44)}) 16... Kxe7 (16... Bxe7 $2 17. d6
$18) 17. Bxg7 Rhg8 18. Nh4 Nc4 (18... Rxg7 $2 19. Nf5+ Kf6 20. Nxd6 Rd8 21.
Nxb7 Nxb7 22. f4 $16) 19. Nf5+ Kd7 20. Be2 (20. Bxc4 Rxc4 21. Bd4 (21. O-O Rg4
$19) 21... Ra4 $17) 20... Rge8 $2 {Excellent player Lautier finds it hard to
exploit his chances in full in this game. Home analyses shows, that
complications after 20...Bxa3! are in black's benefit.} (20... Bxa3 $1 21. f4 (
21. Bg4 Rce8+ 22. Kf1 Kc7 $17) 21... b5 22. Bg4 Rce8+ 23. Kf2 Kc7 $17) 21. Ne3
$1 Nxe3 (21... Nxa3 22. Bg4+ Kc7 23. Rc1+ $16) 22. fxe3 Rxe3 (22... Ke7 23. O-O
$16) 23. Kf2 Re4 (23... Rxa3 24. Bg4+ Kc7 25. Bxc8 Kxc8 $13) (23... Bc5 24.
Bg4+ Kd6 25. Bxc8 Rxa3+ 26. Ke2 Bxc8 27. Bf8+ Ke5 28. Bxc5 bxc5 29. d6 $14) 24.
Bb5+ Kd8 (24... Kc7 25. Rd2 Bxa3 $15) 25. Bf6+ (25. Kf3 Rf4+ 26. Ke3 Rc7 27.
Rhf1 Rxf1 28. Bxf1 Rc5 $15) 25... Kc7 26. g3 Bc5+ (26... Bxa3 $5 27. Kf3 Re6
28. Bg5 Bd6 $17) 27. Kf3 Re3+ (27... Re6 $1 28. Bg5 Bxa3 29. Bf4+ Bd6 30. Rc1+
Kb8 31. Rxc8+ Kxc8 32. Rd1 $15) 28. Kf4 Kd6 29. Rhe1 Rxe1 30. Rxe1 Bxd5 {
It is hard to blame black for heading into this position, black has extra pawn
and centralized pieces.} 31. a4 (31. Be5+ Ke7 32. Bb2+ Be6 $17) 31... Kc7 (
31... Bc6 32. g4 $15) 32. Rd1 Bd6+ (32... Bc6 33. Ba6 Re8 34. Be5+ Rxe5 35.
Kxe5 Bxa4 36. Rf1 Bb3 $11) 33. Be5 Bxe5+ 34. Kxe5 Be6 (34... Bc6 35. Kf6 a5 36.
Kxf7 Bxb5 37. axb5 Rd8 38. Rc1+ Kb7 39. Ke6 Rd2 40. Rf1 Rxh2 41. Rf7+ $11) 35.
Rd4 {The weakness of h7 pawn and white active pieces are nearly equalizing the
chances.} Rd8 (35... Kb7 36. Rh4 $11) 36. Rxd8 (36. Rh4 h5 37. Be2 Rd5+ 38. Kf6
Rf5+ 39. Kg7 $11) 36... Kxd8 37. Kf6 a5 $6 {It is hard to explain why black
did not tried much more dangerous line 37...Bd7!?. White would have to play
his best to avoid the disaster.} (37... Bd7 $5 38. Bd3 (38. h4 Bxb5 39. axb5 a5
40. bxa6 Kc7 41. g4 b5 42. Kxf7 b4 43. g5 b3 44. h5 b2 45. g6 b1=Q $19) 38...
Bxa4 39. Bxh7 a5 40. Ke5 b5 41. Kd4 b4 42. Kc4 Bd7 43. Bc2 $15) 38. Bd3 h6 (
38... Bd7 39. Bc2 Ke8 40. h4 Kf8 41. Bb3 b5 42. axb5 Bxb5 43. Bxf7 a4 44. g4
$11) 39. h4 Ke8 40. Be2 Bd7 41. Bd1 b5 42. axb5 Bxb5 43. Bb3 a4 44. Bxf7+ Kf8
45. g4 a3 46. g5 hxg5 47. hxg5 Bd3 48. g6 (48. g6 Bxg6 $11) 1/2-1/2

[Event "Linares Anibal op 08th"]
[Site "Linares"]
[Date "2001.01.13"]
[Round "6"]
[White "Bacrot, Etienne"]
[Black "Roeder, Mathias"]
[Result "1-0"]
[WhiteElo "2618"]
[BlackElo "2456"]
[Annotator "Ftacnik,L"]
[PlyCount "93"]
[EventDate "2001.01.08"]
[EventType "swiss"]
[EventRounds "11"]
[EventCountry "ESP"]
[SourceTitle "CBM 081"]
[Source "ChessBase"]
[SourceDate "2001.03.20"]
[SourceVersion "1"]
[SourceVersionDate "2001.03.20"]
[SourceQuality "1"]

1. d4 Nf6 2. c4 e6 3. Nf3 b6 4. a3 d5 5. Nc3 Be7 6. cxd5 exd5 7. Bf4 O-O 8. e3
Bb7 9. Be2 a6 (9... c5) 10. b4 Bd6 11. Bg3 Qe7 (11... Bxg3 $6 12. hxg3 Qd6 13.
Qc2 $14 {xh7}) 12. Qb3 Nbd7 13. O-O Bxg3 14. hxg3 Qd6 (14... Rab8 $5 15. Rfc1
c5 $13 {The clever way to play this position would be with pushing through the
c7-c5 break.}) 15. Rfc1 Rfe8 16. b5 $1 c6 (16... a5 17. Rc2 Rac8 18. Rac1 $14)
17. bxc6 Bxc6 18. Qb4 Qxb4 (18... Qe6 19. Rc2 Ne4 20. Rac1 Bb7 21. a4 $14) 19.
axb4 Bb7 (19... b5 20. Na4 Bb7 21. Nc5 Nxc5 22. dxc5 $16) 20. Na4 Rec8 21. Ne5
g6 (21... Nxe5 22. Nxb6 $1 Nc4 (22... Nc6 23. Nxc8 Rxc8 24. Bxa6 $18) 23. Nxa8
Rxa8 24. Bxc4 dxc4 25. Rxc4 $16) 22. b5 $1 a5 (22... axb5 23. Nxd7 Nxd7 24.
Bxb5 $16) 23. Rxc8+ Rxc8 24. Bg4 $1 {[%mdl 4096] Excellent to force his way
into much better endgame position.} Nxg4 (24... Rc7 25. Bxd7 Nxd7 26. Nxd7 Rxd7
27. Nxb6 $18) 25. Nxd7 Rc2 26. Naxb6 Rb2 (26... Rxf2 27. Ne5 $18) (26... Nxf2
27. Nc5 $18) 27. Re1 $1 (27. Nc5 Rxb5 28. Nxb7 Rxb6 29. Nxa5 Rb2 30. Nc6 Nxf2
31. Ne7+ Kg7 32. Nxd5 Ng4 $132) (27. f3 Nxe3 28. Rxa5 Nc4 $1 $14) 27... Rxb5 (
27... Nxf2 28. Na4 Rc2 (28... Nd3 29. Nxb2 Nxe1 30. Nc5 $18) 29. Nac5 Bc8 30.
Nf6+ Kg7 31. Nxd5 $18) 28. f3 Nh6 29. g4 f5 $6 (29... Bc6 $1 30. Rc1 Bxd7 31.
Nxd7 Kg7 32. Kf2 (32. Rc5 Rxc5 33. dxc5 a4 34. c6 a3 35. c7 a2 36. c8=Q a1=Q+
37. Kh2 Qa3 38. g5 Ng8 39. Qb8 Qe7 $11) 32... g5 33. Rc7 $14) 30. g5 Nf7 31.
Rc1 Nxg5 (31... Ba6 32. f4 Kg7 33. Rc7 $16) 32. Rc7 Ba6 33. Nxd5 Rb7 (33...
Rxd5 34. Nf6+ $18) 34. N7f6+ Kf8 35. Rc8+ Kf7 36. Ra8 Rb1+ (36... Bc4 37. Rxa5
$16) 37. Kh2 Bf1 38. Ra7+ Ke6 (38... Kf8 39. f4 Ne4 40. Nxh7+ Ke8 41. Nhf6+
Nxf6 42. Nxf6+ Kf8 43. g4 Re1 44. Rxa5 Rxe3 45. gxf5 gxf5 46. Rxf5 $18) 39. e4
$1 {[%mdl 2048] The dangers for black king are very real despite the absence
of queens. White pieces will show their full potential.} fxe4 (39... Re1 40. e5
f4 41. Nxf4+ Kf5 42. N6d5 $18) 40. fxe4 Nxe4 (40... Re1 41. Re7+ Kd6 42. Ne8+
Kc6 43. Rc7+ Kb5 44. Rc5+ Ka4 45. Nb6+ Kb3 46. Rxg5 $18) 41. Nxe4 Rb2 (41...
Kxd5 $2 42. Nc3+ $18) 42. Ne3 Bxg2 (42... Be2 43. Rxa5 $18) 43. Ra6+ Ke7 44.
Nxg2 Rb4 45. Nf4 Rxd4 46. Ra7+ Rd7 $8 (46... Ke8 47. Nf6+ Kd8 48. Ne6+ $18) 47.
Nd5+ (47. Nd5+ Ke6 (47... Kd8 48. Ra8#) 48. Nc5+ Kxd5 49. Nxd7 $18) 1-0

[Event "Linares Anibal op 08th"]
[Site "Linares"]
[Date "2001.01.10"]
[Round "3"]
[White "Najer, Evgeniy"]
[Black "Del Rio de Angelis, Salvador Gabriel"]
[Result "1-0"]
[WhiteElo "2616"]
[BlackElo "2472"]
[Annotator "Ftacnik,L"]
[PlyCount "69"]
[EventDate "2001.01.08"]
[EventType "swiss"]
[EventRounds "11"]
[EventCountry "ESP"]
[SourceTitle "CBM 081"]
[Source "ChessBase"]
[SourceDate "2001.03.20"]
[SourceVersion "1"]
[SourceVersionDate "2001.03.20"]
[SourceQuality "1"]

1. d4 Nf6 2. Nf3 e6 3. c4 b6 4. a3 Bb7 5. Nc3 d5 6. cxd5 Nxd5 7. e3 Be7 8. Bb5+
c6 9. Bd3 O-O 10. e4 Nxc3 11. bxc3 c5 12. O-O Nd7 13. Qe2 Qc7 14. h4 Rae8 $5 (
14... cxd4 15. cxd4 e5 16. Bb2 exd4 17. Rac1 Nc5 18. Nxd4 Bf6 19. Nf5 Bxb2 20.
Qxb2 f6 21. f3 Kh8 $11 {0-1 Braga,F-Tiviakov,S/Saint Vincent/2000/ (37)}) 15.
h5 e5 16. d5 (16. h6 g6 (16... exd4 17. cxd4 f5 18. e5 $14) 17. d5 f5 $13)
16... f5 $5 {[%mdl 4] Courageous, but black was wise enough to support the
break with all his pieces.} 17. exf5 (17. h6 g6) 17... Bxd5 18. h6 (18. Bc4
Bxc4 19. Qxc4+ Kh8 20. h6 Bf6 $13) 18... c4 19. Be4 Bxe4 (19... Bf7 20. Ng5 Nf6
21. hxg7 Kxg7 22. Bc2 $14) 20. Qxe4 Nf6 $1 (20... Bf6 21. hxg7 Bxg7 22. Ng5 Nf6
23. Qh4 Qc6 24. Re1 Qd5 25. Ne6 $14) 21. Qxe5 Qxe5 $2 {Black misses the chance
to take the full benefit of the potential hidden in his pieces.} (21... Bd6 $5
22. Qd4 (22. Qb5 Be5 23. hxg7 Kxg7 24. Bb2 a6 25. Qa4 b5 26. Qc2 Ne4 $11) 22...
Re4 23. hxg7 Kxg7 24. Qd2 Ng4 $13) 22. Nxe5 Bc5 23. hxg7 Kxg7 24. Nxc4 Ng4 (
24... Nd5 25. Be3 Nxe3 26. fxe3 Bxe3+ 27. Kh2 $14) 25. Be3 Bxe3 $6 (25... Nxe3
26. fxe3 Bxe3+ 27. Kh2 $14) 26. fxe3 Nxe3 (26... Re4 27. Nd6 Rxe3 28. Rae1 Rxc3
29. Re7+ Kg8 30. Rxa7 $16) 27. f6+ $1 {This might have slipped black's
attention, the endgames are very bad for him.} Kg6 (27... Rxf6 $5 28. Rxf6 Kxf6
29. Re1 Nxc4 30. Rxe8 Nxa3 31. Rc8 $16) 28. f7 Re4 (28... Rxf7 29. Rxf7 Nxc4 (
29... Kxf7 30. Nd6+ $18) 30. Rxa7 $18) 29. Rae1 Rxc4 30. Rxe3 Rc7 (30... Rxf7
$2 31. Rg3+ $18) 31. Rg3+ Kh5 32. Rf5+ Kh6 33. Rf6+ Kh5 34. Rg7 Rxc3 35. Kh2 $1
(35. Kh2 Rc4 36. g4+ Rxg4 37. Rf5+ Kh6 38. Rxg4 $18) 1-0